Lokalizácia a navigácia mobilných robotov : Obhaj. 7.12.2011
Saved in:
| Main Author: | |
|---|---|
| Format: | Manuscript Book |
| Language: | Slovak |
| Published: |
Bratislava :
STU v Bratislave,
2011
|
| Tags: |
No Tags, Be the first to tag this record!
|
MARC
| LEADER | 00000ntm a22000003a 4500 | ||
|---|---|---|---|
| 001 | stu244273 | ||
| 005 | 20150617230151.0 | ||
| 008 | 120308s2011----xo------------------slo-d | ||
| 040 | |a STU |b slo | ||
| 041 | 0 | |a slo | |
| 044 | |a xo | ||
| 100 | 1 | |a Duchoň, František, |d 1981- |4 aut |u E011 |U FEI Fakulta elektrotechniky a informatiky |T FEI Ústav robotiky a kybernetiky |X 10329 |U E011 |Y 356 |7 A000010329 | |
| 245 | 1 | |a Lokalizácia a navigácia mobilných robotov : |b Obhaj. 7.12.2011 | |
| 260 | |a Bratislava : |b STU v Bratislave, |c 2011 | ||
| 300 | |a 105 s | ||
| 996 | |b 284ED01357 |c E*ZP-221 |l EE01 |s A |a 24 |w stu244273_0001 | ||